[Event "World Youth Open U18 2016"]
[Site "Khanty-Mansiysk RUS"]
[Date "2016.09.29"]
[Round "7.31"]
[White "Yoshida, Haruki"]
[Black "Roos, Lucas"]
[Result "0-1"]
[WhiteElo "1750"]
[BlackElo "1830"]
[WhiteFideId "7002076"]
[BlackFideId "14308673"]
[EventDate "2016.09.22"]

1. d4 Nf6 2. c4 c5 3. e3 g6 4. Nf3 Bg7 5. Be2 O-O 6. Nc3 d5 7. b3 Ne4 8. Nxd5 e6
9. Nf4 Nc6 10. Qd3 f5 11. O-O cxd4 12. Nxd4 Nxd4 13. exd4 Bxd4 14. Ba3 Nxf2 15.
Rxf2 Bxa1 16. Bxf8 Qxd3 17. Nxd3 Kxf8 18. Rf1 Bd4+ 19. Nf2 e5 20. Rd1 Be6 21.
Kf1 Ke7 22. Nh3 Be3 23. Rd3 Bc1 24. Rc3 Bd2 25. Rd3 Rd8 26. Nf2 e4 27. Rh3 h5
28. Rg3 Kf6 29. h4 Bf7 30. Rh3 Ke5 31. g3 Bb4 32. Rh1 Rd2 33. a4 Rb2 34. Bd1 Kd4
35. Nh3 Ke3 36. Nf4 Rf2+ 37. Kg1 Rd2 38. Ng2+ Kd4 39. Kh2 e3 40. Bf3 b6 41. Kh3
Rf2 42. Rd1+ Bd2 43. Nxe3 Kxe3 44. Bc6 Be6 45. g4 hxg4+ 46. Kg3 f4# 0-1

[Event "World Youth Open U18 2016"]
[Site "Khanty-Mansiysk RUS"]
[Date "2016.09.30"]
[Round "8.1"]
[White "Vavulin, Maksim"]
[Black "Hakobyan, Aram"]
[Result "1-0"]
[WhiteTitle "IM"]
[BlackTitle "FM"]
[WhiteElo "2582"]
[BlackElo "2417"]
[WhiteFideId "4169530"]
[BlackFideId "13306677"]
[EventDate "2016.09.22"]

1. e4 e6 2. d4 d5 3. Nd2 c5 4. Ngf3 cxd4 5. Nxd4 Nc6 6. Bb5 Bd7 7. Nxc6 Bxc6 8.
Bxc6+ bxc6 9. c4 dxe4 10. Nxe4 Qxd1+ 11. Kxd1 Rd8+ 12. Kc2 Rd4 13. Nd2 Nf6 14.
h3 Bb4 15. b3 Rd8 16. Re1 Ke7 17. Re2 Nd7 18. Ne4 f6 19. Be3 a6 20. a3 Ba5 21.
Bc5+ Kf7 22. Nd6+ Kg6 23. Nb7 Nxc5 24. Nxc5 Bb6 25. Nxe6 Rde8 26. Rae1 Kf7 27.
c5 Ba7 28. b4 Bb8 29. Nd4 Rxe2+ 30. Rxe2 Rc8 31. Nf5 g6 32. Re7+ Kf8 33. Rxh7
Re8 34. Rh8+ Kf7 35. Nd6+ 1-0

[Event "World Youth Open U18 2016"]
[Site "Khanty-Mansiysk RUS"]
[Date "2016.09.30"]
[Round "8.2"]
[White "Kollars, Dmitrij"]
[Black "Petrosyan, Manuel"]
[Result "1/2-1/2"]
[WhiteTitle "IM"]
[BlackTitle "IM"]
[WhiteElo "2491"]
[BlackElo "2530"]
[WhiteFideId "12909572"]
[BlackFideId "13300857"]
[EventDate "2016.09.22"]

1. e4 e5 2. Nf3 Nc6 3. Bb5 Nf6 4. O-O Nxe4 5. Re1 Nd6 6. Nxe5 Be7 7. Bf1 Nxe5 8.
Rxe5 O-O 9. Nc3 Ne8 10. Nd5 Bd6 11. Re1 c6 12. Ne3 Be7 13. c4 Nf6 14. Nf5 Re8
15. Nxe7+ Rxe7 16. d4 d5 17. Bg5 Rxe1 18. Qxe1 Be6 19. c5 h6 20. Bh4 g5 21. Bg3
Ne4 22. b4 a6 23. Qe3 Nxg3 24. hxg3 Qf6 25. Re1 Re8 26. Qe5 Qxe5 27. Rxe5 f6 28.
Re1 Bd7 29. Rxe8+ Bxe8 30. f3 Bd7 31. Bd3 f5 32. f4 Kf7 33. Kf2 Ke7 34. Kf3 g4+ 1/2-1/2

[Event "World Youth Open U18 2016"]
[Site "Khanty-Mansiysk RUS"]
[Date "2016.09.30"]
[Round "8.3"]
[White "Bellahcene, Bilel"]
[Black "Dragnev, Valentin"]
[Result "1/2-1/2"]
[WhiteTitle "IM"]
[BlackTitle "IM"]
[WhiteElo "2483"]
[BlackElo "2430"]
[WhiteFideId "696358"]
[BlackFideId "1634852"]
[EventDate "2016.09.22"]

1. d4 Nf6 2. c4 e6 3. Nf3 d5 4. Nc3 c5 5. cxd5 Nxd5 6. e3 cxd4 7. exd4 Nxc3 8.
bxc3 Qc7 9. Bd2 Nd7 10. Bd3 Bd6 11. O-O b6 12. Re1 Bb7 13. h3 O-O 14. Rc1 Bf4
15. Be4 Bxe4 16. Rxe4 Bxd2 17. Qxd2 Qc4 18. Qc2 Rac8 19. Ng5 Nf6 20. Rh4 h6 21.
Nf3 Rfd8 22. Ne5 Qc7 23. Rf4 Rf8 24. Rf3 Nd7 25. Re1 Nxe5 26. Rxe5 Rfd8 27. Qe2
Qc4 28. Qd2 Rd7 29. Rg3 Kf8 30. Qb2 Kg8 31. Qd2 Kf8 32. Qb2 Kg8 1/2-1/2

[Event "World Youth Open U18 2016"]
[Site "Khanty-Mansiysk RUS"]
[Date "2016.09.30"]
[Round "8.4"]
[White "Rakotomaharo, Fy Antenaina"]
[Black "Lorparizangeneh, Shahin"]
[Result "1/2-1/2"]
[WhiteTitle "FM"]
[BlackTitle "IM"]
[WhiteElo "2439"]
[BlackElo "2478"]
[WhiteFideId "13100050"]
[BlackFideId "12521604"]
[EventDate "2016.09.22"]

1. d4 Nf6 2. c4 e6 3. Nf3 b6 4. Nc3 Bb4 5. e3 Bb7 6. Bd3 c5 7. O-O O-O 8. a3
Bxc3 9. bxc3 d6 10. Nd2 Nc6 11. f4 d5 12. dxc5 bxc5 13. cxd5 exd5 14. e4 c4 15.
Bc2 dxe4 16. Nxe4 Nxe4 17. Bxe4 Qxd1 18. Rxd1 Rfe8 19. Bf3 Na5 20. Bxb7 Nxb7 21.
Rb1 Nc5 22. f5 Nd3 23. f6 gxf6 24. Bh6 Rab8 25. Rxb8 Rxb8 26. Rf1 Rb6 27. h4 Ne5
28. Rd1 Nd3 29. Rf1 Ne5 30. Rd1 Rb8 31. Rd4 f5 32. Bf4 f6 33. Bxe5 fxe5 34. Rxc4
Rb7 35. Rc6 Kf7 36. Rh6 Kg7 37. Re6 e4 38. g4 fxg4 39. h5 Rb3 40. h6+ Kf7 41.
Rxe4 Rxc3 42. Rxg4 Rxa3 43. Rg7+ Kf6 44. Rxh7 Kg6 45. Re7 Kxh6 46. Kf2 Kg5 47.
Ke2 Kf6 48. Re8 a5 49. Kd2 a4 50. Kc2 Rh3 51. Kb2 Kf7 52. Re4 a3+ 53. Ka2 Kf6
54. Ra4 Ke5 55. Rxa3 1/2-1/2

[Event "World Youth Open U18 2016"]
[Site "Khanty-Mansiysk RUS"]
[Date "2016.09.30"]
[Round "8.5"]
[White "Mousavi, Seyed Khalil"]
[Black "Song, Michael"]
[Result "1-0"]
[WhiteTitle "IM"]
[BlackTitle "FM"]
[WhiteElo "2412"]
[BlackElo "2413"]
[WhiteFideId "12511099"]
[BlackFideId "2613190"]
[EventDate "2016.09.22"]

1. d4 f5 2. Nf3 Nf6 3. g3 g6 4. Bg2 Bg7 5. O-O O-O 6. c4 d6 7. Nc3 c6 8. b4 e5
9. dxe5 dxe5 10. e4 Qxd1 11. Rxd1 f4 12. Bb2 fxg3 13. hxg3 Bg4 14. Rd6 Bxf3 15.
Bxf3 Na6 16. a3 c5 17. b5 Nc7 18. Kg2 Rf7 19. Rad1 Raf8 20. R1d3 g5 21. Rd8 Ne6
22. Rxf8+ Kxf8 23. Bd1 Nd4 24. a4 a5 25. bxa6 bxa6 26. Ba3 Rc7 27. Rd2 Ke7 28.
Rb2 Kd6 29. a5 Nd7 30. Nd5 Ra7 31. Ba4 Nc6 32. Nb6 1-0

[Event "World Youth Open U18 2016"]
[Site "Khanty-Mansiysk RUS"]
[Date "2016.09.30"]
[Round "8.6"]
[White "Sanal, Vahap"]
[Black "Nguyen, Hoang Duc"]
[Result "1-0"]
[WhiteTitle "IM"]
[WhiteElo "2477"]
[BlackElo "1874"]
[WhiteFideId "6300545"]
[BlackFideId "12403865"]
[EventDate "2016.09.22"]

1. Nf3 Nf6 2. c4 g6 3. Nc3 Bg7 4. g3 O-O 5. Bg2 c6 6. e4 d6 7. d3 Na6 8. O-O Rb8
9. Be3 b6 10. h3 Bb7 11. d4 b5 12. e5 Ne8 13. c5 Nec7 14. exd6 exd6 15. cxd6
Qxd6 16. Bf4 Qb4 17. a3 Qxb2 18. Bd2 Nd5 19. Nxd5 cxd5 20. Qe2 Qb3 21. Bf4 Rfe8
22. Qd2 Rbc8 23. Rfb1 Qa4 24. Bf1 Bc6 25. Ne5 Bxe5 26. Bxe5 Nc5 27. Rb4 Qa5 28.
Qh6 Rxe5 29. dxe5 Ne4 30. Qe3 a6 31. Rc1 Qc7 32. a4 Qxe5 33. axb5 axb5 34. Bxb5
Bb7 35. Bf1 Rxc1 36. Qxc1 Qf6 37. Qc2 Ba6 38. Bxa6 Qxa6 39. Qb2 Qf6 40. Qxf6
Nxf6 41. Rb6 Kg7 42. Rd6 g5 43. f3 Kg6 44. g4 Kg7 45. Kf2 h6 46. Ke3 Kg6 47. Kd4
Kg7 48. Ke5 Nh7 49. Rxd5 Nf8 50. Kd6 Ng6 51. Kd7 Kf8 52. Ra5 Nh4 53. Ra3 Ng6 54.
Ra8+ Kg7 55. Ke8 Ne5 56. Ra3 Kg8 57. Re3 Ng6 58. Re4 Kg7 59. Rb4 Kg8 60. Ra4 Kg7
61. Ra7 Nh8 62. Rb7 Kg8 63. Rb5 Kg7 64. Rf5 Kg6 65. Kf8 1-0

[Event "World Youth Open U18 2016"]
[Site "Khanty-Mansiysk RUS"]
[Date "2016.09.30"]
[Round "8.7"]
[White "Urazayev, Arystanbek"]
[Black "Jarmula, Lukasz"]
[Result "1-0"]
[WhiteTitle "CM"]
[BlackTitle "IM"]
[WhiteElo "2377"]
[BlackElo "2466"]
[WhiteFideId "13709810"]
[BlackFideId "1160664"]
[EventDate "2016.09.22"]

1. e4 c5 2. Nf3 d6 3. Bb5+ Nd7 4. d4 cxd4 5. Qxd4 a6 6. Bxd7+ Qxd7 7. O-O e5 8.
Qd3 Qc6 9. Rd1 Be6 10. Ng5 Bc4 11. Qh3 Nf6 12. b3 Be2 13. Re1 Bg4 14. Qd3 h6 15.
Nf3 Bxf3 16. gxf3 b5 17. a4 b4 18. Nd2 Nd7 19. Nc4 Nb6 20. Ne3 a5 21. Bb2 Be7
22. f4 Rd8 23. fxe5 dxe5 24. Qb5 Qxb5 25. axb5 f6 26. Rxa5 O-O 27. Bc1 Bc5 28.
Nf5 Ra8 29. Rxa8 Rxa8 30. Be3 Bxe3 31. Rxe3 Kf7 32. Rg3 g6 33. Nxh6+ Kg7 34.
Nf5+ Kf7 35. Nh6+ Kg7 36. Nf5+ Kf7 37. Nd6+ Ke6 38. Rd3 Nd7 39. Nc4 Nc5 40. Rd6+
Ke7 41. Rc6 Ne6 42. b6 Nf4 43. h4 Ra1+ 44. Kh2 Rf1 45. b7 1-0

[Event "World Youth Open U18 2016"]
[Site "Khanty-Mansiysk RUS"]
[Date "2016.09.30"]
[Round "8.8"]
[White "Rahman, Adel"]
[Black "Marek, Matyas"]
[Result "0-1"]
[WhiteTitle "FM"]
[BlackTitle "FM"]
[WhiteElo "2324"]
[BlackElo "2381"]
[WhiteFideId "14204177"]
[BlackFideId "335398"]
[EventDate "2016.09.22"]

1. d4 Nf6 2. c4 e6 3. g3 c5 4. d5 exd5 5. cxd5 d6 6. Nc3 g6 7. Nf3 Bg7 8. Bg2
O-O 9. O-O Re8 10. Bf4 Ne4 11. Nxe4 Rxe4 12. Nd2 Rxf4 13. gxf4 Bxb2 14. Rb1 Bg7
15. e4 Nd7 16. Qf3 b5 17. Qg3 Rb8 18. Rfe1 Qc7 19. Nf3 Nf6 20. e5 Nh5 21. Qh4
Bf5 22. Rbc1 Bf8 23. Nd4 Bd3 24. Nc6 Re8 25. exd6 Rxe1+ 26. Rxe1 Qxd6 27. Re8 c4
28. Qe7 Kg7 29. Qe5+ Nf6 30. Rd8 Qa3 31. Qe1 c3 32. Nd4 c2 33. Rc8 Qb2 34. Nb3
Bc4 35. Bf1 Bxb3 36. axb3 Ba3 0-1

[Event "World Youth Open U18 2016"]
[Site "Khanty-Mansiysk RUS"]
[Date "2016.09.30"]
[Round "8.9"]
[White "Vaishali, R"]
[Black "Plenca, Jadranko"]
[Result "1/2-1/2"]
[WhiteTitle "WIM"]
[BlackTitle "FM"]
[WhiteElo "2295"]
[BlackElo "2396"]
[WhiteFideId "5091756"]
[BlackFideId "14527146"]
[EventDate "2016.09.22"]

1. Nf3 d5 2. g3 Nf6 3. Bg2 c6 4. O-O Bf5 5. d3 Nbd7 6. Nh4 e6 7. Nxf5 exf5 8. c4
dxc4 9. dxc4 g6 10. Nc3 Bg7 11. Qd6 Nb6 12. Qe5+ Qe7 13. Qxe7+ Kxe7 14. b3 Rad8
15. Ba3+ Kd7 16. Bb4 Kc8 17. Rad1 Nbd7 18. e3 Bf8 19. Bd6 Bxd6 20. Rxd6 Ne8 21.
Rd4 Nef6 22. Rd6 Ne8 23. Rd4 Nef6 24. Rfd1 Nc5 25. b4 Ne6 26. Rd6 Rxd6 27. Rxd6
Kc7 28. c5 a5 29. b5 Ne8 30. Rd2 Nxc5 31. Rc2 Nd3 32. bxc6 bxc6 33. Nb5+ Kb6 34.
Na3 Nb4 35. Rd2 Kc5 36. Rd8 Nxa2 37. Ra8 a4 38. Ra6 Nb4 39. Ra5+ Kd6 40. Nc4+
Ke7 41. Rxa4 c5 42. Ra5 Nd6 43. Rxc5 Rc8 44. Rxc8 Nxc8 1/2-1/2

[Event "World Youth Open U18 2016"]
[Site "Khanty-Mansiysk RUS"]
[Date "2016.09.30"]
[Round "8.10"]
[White "Khodashenas, Mersad"]
[Black "Toma, Radu-Cristian"]
[Result "0-1"]
[WhiteElo "2394"]
[BlackElo "2343"]
[WhiteFideId "12514195"]
[BlackFideId "1217992"]
[EventDate "2016.09.22"]

1. e4 c5 2. Nf3 Nc6 3. Bb5 e6 4. O-O Nge7 5. Nc3 Qb6 6. b3 a6 7. Bxc6 Nxc6 8.
Bb2 d6 9. Qe2 Qc7 10. Rfe1 Be7 11. Nd5 exd5 12. exd5 Nb4 13. Qe4 O-O 14. a3 Nxd5
15. Qxd5 Be6 16. Qh5 h6 17. Re3 d5 18. d4 c4 19. Ne5 cxb3 20. c4 Bg5 21. Rxb3
dxc4 22. Rg3 Bf4 23. Rf3 Bxe5 24. dxe5 Rfd8 25. Re1 Rd3 26. h3 Rad8 27. Bc3 Qd7
28. Kh2 Rxf3 29. Qxf3 Qd5 30. Qg3 Qc5 31. Bb4 Qd5 32. Re3 Rc8 33. Bc3 Qb5 34.
Qh4 Qb1 35. Rg3 Kh7 36. Rf3 Rc7 37. Re3 Rd7 38. Kg3 Qg6+ 39. Kh2 Qb1 40. Kg3 g5
41. Qh5 Qf5 42. Qf3 Qxf3+ 43. Rxf3 Rd1 44. Re3 Kg6 45. f3 Rc1 46. h4 Rc2 47.
hxg5 hxg5 48. Bd4 b5 49. Bb6 Kf5 50. Ba5 Bd5 51. Bb6 Ke6 52. Ba5 Kd7 53. Kg4
Rxg2+ 54. Kf5 Kc6 55. Bd8 Kc5 56. e6 Bxe6+ 57. Ke5 Rd2 58. Ba5 Rd5+ 59. Kf6 Rf5+
60. Ke7 0-1

[Event "World Youth Open U18 2016"]
[Site "Khanty-Mansiysk RUS"]
[Date "2016.09.30"]
[Round "8.11"]
[White "Wu, Christopher"]
[Black "Kolver, Chris"]
[Result "1-0"]
[WhiteTitle "FM"]
[BlackTitle "CM"]
[WhiteElo "2377"]
[BlackElo "1991"]
[WhiteFideId "2040875"]
[BlackFideId "14307820"]
[EventDate "2016.09.22"]

1. d4 d5 2. c4 c6 3. Nf3 Nf6 4. Nc3 a6 5. Qc2 b5 6. e4 dxc4 7. b3 cxb3 8. axb3
e6 9. e5 Nd5 10. Nxd5 cxd5 11. Bg5 Be7 12. Bxe7 Kxe7 13. Qc5+ Ke8 14. Bxb5+ Bd7
15. Bd3 Qc8 16. Qb4 Nc6 17. Qd2 h6 18. O-O Qb7 19. Qf4 Nb4 20. Rfd1 Nxd3 21.
Rxd3 Rc8 22. Ne1 Bb5 23. Rg3 Rg8 24. Qd2 Qc7 25. h3 Qb6 26. Rc1 Rxc1 27. Qxc1
Kd7 28. Rc3 Rb8 29. Rc5 Qb7 30. Qc2 g6 31. Qd2 h5 32. Qf4 Ke8 33. Qc1 Kd7 34.
Nf3 Rc8 35. Ng5 Rxc5 36. Qxc5 Ke8 37. Nh7 Qe7 38. Qc8+ Qd8 39. Nf6+ Ke7 40. Qc5+ 1-0

[Event "World Youth Open U18 2016"]
[Site "Khanty-Mansiysk RUS"]
[Date "2016.09.30"]
[Round "8.12"]
[White "Akhvlediani, Irakli"]
[Black "Zakaryan, David"]
[Result "0-1"]
[BlackTitle "FM"]
[WhiteElo "2205"]
[BlackElo "2377"]
[WhiteFideId "13601938"]
[BlackFideId "24101923"]
[EventDate "2016.09.22"]

1. d4 Nf6 2. Nf3 e6 3. Bf4 c5 4. c3 b6 5. e3 Bb7 6. Nbd2 Be7 7. h3 O-O 8. Bd3 d6
9. Qe2 Nc6 10. O-O cxd4 11. exd4 Re8 12. Rfe1 h6 13. a4 Bf8 14. Qf1 Qc7 15. Nc4
Rad8 16. b4 Ne7 17. Nfd2 Ned5 18. Bg3 Nh5 19. Bh2 Ndf4 20. Be4 Bxe4 21. Rxe4 d5
22. Re5 g5 23. g4 Ng7 24. h4 f6 0-1

[Event "World Youth Open U18 2016"]
[Site "Khanty-Mansiysk RUS"]
[Date "2016.09.30"]
[Round "8.13"]
[White "Huber, Martin Christian"]
[Black "Rajkovic, Mladen"]
[Result "1-0"]
[WhiteTitle "FM"]
[WhiteElo "2356"]
[BlackElo "2275"]
[WhiteFideId "1623435"]
[BlackFideId "930660"]
[EventDate "2016.09.22"]

1. Nf3 Nf6 2. c4 g6 3. Nc3 d5 4. cxd5 Nxd5 5. h4 Bg7 6. e4 Nxc3 7. dxc3 Qxd1+ 8.
Kxd1 Bg4 9. Kc2 Nd7 10. Be3 e5 11. Bc4 Nb6 12. Bb5+ c6 13. Bd3 f6 14. a4 Bf8 15.
a5 Nd7 16. b4 c5 17. b5 Be6 18. Nd2 Be7 19. Bc4 Nf8 20. h5 g5 21. Bxe6 Nxe6 22.
g4 Kf7 23. Nc4 Rhd8 1-0

[Event "World Youth Open U18 2016"]
[Site "Khanty-Mansiysk RUS"]
[Date "2016.09.30"]
[Round "8.14"]
[White "Kalogeris, Ioannis"]
[Black "Rajdeep, Sarkar"]
[Result "1-0"]
[BlackTitle "FM"]
[WhiteElo "2271"]
[BlackElo "2347"]
[WhiteFideId "4239563"]
[BlackFideId "25007963"]
[EventDate "2016.09.22"]

1. e4 e5 2. Nf3 Nc6 3. Bb5 a6 4. Bxc6 dxc6 5. O-O Bg4 6. h3 h5 7. d3 Bxf3 8.
Qxf3 Qd7 9. Nd2 O-O-O 10. Nc4 f6 11. h4 Nh6 12. Bxh6 Rxh6 13. Ne3 Bc5 14. Nf5
Rh7 15. Qg3 Qf7 16. Kh1 g6 17. Ne3 Bd4 18. c3 Bxe3 19. Qxe3 Kb8 20. f4 Qe7 21.
f5 Rg7 22. fxg6 Rxg6 23. Rf3 Qe6 24. Kh2 Rg7 25. Raf1 Qxa2 26. Qh6 Qg8 27. R1f2
Rg6 28. Qxh5 Qg7 29. Qf5 Rg8 30. Qh3 c5 31. c4 Rg4 32. h5 Qg5 33. Rf5 Qg7 34. h6
Qh7 35. Rxf6 R4g6 36. R2f5 Rh8 37. Rxg6 Qxg6 38. Rh5 Rh7 39. Qf5 Qg8 40. g4 Qh8
41. g5 Ka7 42. Qf6 Qe8 43. g6 Rd7 44. Rxe5 Qc8 45. h7 Rxd3 46. h8=Q Qg4 47. Qf2 1-0

[Event "World Youth Open U18 2016"]
[Site "Khanty-Mansiysk RUS"]
[Date "2016.09.30"]
[Round "8.15"]
[White "Timerkhanov, Alexander"]
[Black "Georgiev, Todor"]
[Result "1-0"]
[WhiteTitle "FM"]
[WhiteElo "2340"]
[BlackElo "2197"]
[WhiteFideId "24177938"]
[BlackFideId "2916088"]
[EventDate "2016.09.22"]

1. d4 Nf6 2. Bg5 e6 3. Nd2 c5 4. e3 cxd4 5. exd4 Be7 6. Bxf6 Bxf6 7. Ngf3 b6 8.
c3 Bb7 9. Bd3 d6 10. O-O Nd7 11. a4 a6 12. Qe2 O-O 13. Rfd1 Be7 14. Ne4 Nf6 15.
Nxf6+ Bxf6 16. Be4 Qc7 17. Nd2 Rfc8 18. Qf3 Bxe4 19. Nxe4 Be7 20. Ng3 d5 21. Qg4
b5 22. f4 Bd6 23. Rd3 g6 24. Ne2 bxa4 25. Rxa4 a5 26. Rd2 Qc6 27. Ra1 a4 28. Qf3
Rcb8 29. g4 Rb3 30. Nc1 Rb6 31. f5 exf5 32. gxf5 Rab8 33. Rf2 R8b7 34. Rb1 Re7
35. Nd3 Rbb7 36. Rbf1 Re4 37. Qh3 Qe8 38. Rf3 Rbe7 39. Nf2 Re1 40. Ng4 Rxf1+ 41.
Rxf1 Qb8 42. Nf6+ Kg7 43. Qxh7+ Kxf6 44. Qh4+ 1-0

[Event "World Youth Open U18 2016"]
[Site "Khanty-Mansiysk RUS"]
[Date "2016.09.30"]
[Round "8.16"]
[White "Thybo, Jesper Sondergaard"]
[Black "Vogel, Roven"]
[Result "0-1"]
[WhiteTitle "FM"]
[BlackTitle "IM"]
[WhiteElo "2358"]
[BlackElo "2415"]
[WhiteFideId "1438832"]
[BlackFideId "12908088"]
[EventDate "2016.09.22"]

1. e4 d6 2. d4 Nf6 3. Nc3 g6 4. h3 Bg7 5. g4 c5 6. Nge2 Nbd7 7. d5 Qa5 8. Bg2 b5
9. O-O b4 10. Nb1 Nb6 11. Nd2 O-O 12. a3 c4 13. Bf3 b3 14. cxb3 cxb3 15. Qxb3
Ba6 16. Re1 Nfd7 17. Qb4 Qxb4 18. axb4 Bxe2 19. Rxe2 Rfc8 20. Nf1 Rc4 21. Bg5
Rxb4 22. Bxe7 Nc8 23. Bg5 Rxb2 24. Rxb2 Bxb2 25. Ra2 Bc3 0-1

[Event "World Youth Open U18 2016"]
[Site "Khanty-Mansiysk RUS"]
[Date "2016.09.30"]
[Round "8.17"]
[White "Christiansen, Johan-Sebastian"]
[Black "Sadubayev, Airat"]
[Result "1-0"]
[WhiteTitle "IM"]
[WhiteElo "2413"]
[BlackElo "2231"]
[WhiteFideId "1512668"]
[BlackFideId "13713264"]
[EventDate "2016.09.22"]

1. c4 e5 2. g3 c6 3. d4 exd4 4. Qxd4 d5 5. Bg2 Nf6 6. Nf3 Be6 7. Ng5 Qb6 8. Nxe6
fxe6 9. Qxb6 axb6 10. Nd2 Nbd7 11. O-O Bd6 12. cxd5 exd5 13. e4 dxe4 14. Nxe4
Nxe4 15. Bxe4 Nc5 16. Bc2 O-O 17. Re1 Rfe8 18. Rxe8+ Rxe8 19. Be3 Be5 20. Rb1 g6
21. b4 Nd7 22. Rd1 Re7 23. a4 Kg7 24. b5 c5 25. Be4 Nf8 26. Bd5 Rd7 27. Bb3 Bd4
28. Kg2 Kf6 29. Bh6 Ne6 30. Re1 Nc7 31. g4 Nd5 32. h4 Kf7 33. Kf3 Rd6 34. Re2
Rf6+ 35. Kg3 Rd6 36. Bc4 Rd7 37. Kf3 Kf6 38. Kg2 Kf7 39. f4 Bg7 40. Bxg7 Kxg7
41. Bxd5 Rxd5 42. Re7+ Kg8 43. Rxb7 Rd4 44. Rxb6 Rxa4 45. Kf3 Rb4 46. Rb8+ Kg7
47. Rb7+ Kg8 48. b6 h5 49. gxh5 gxh5 50. Ke3 Rb3+ 51. Ke4 Rb4+ 52. Kf5 Rd4 53.
Ke5 Rb4 54. Kd5 Rd4+ 55. Kxc5 Rxf4 56. Rc7 Rf5+ 57. Kd4 1-0

[Event "World Youth Open U18 2016"]
[Site "Khanty-Mansiysk RUS"]
[Date "2016.09.30"]
[Round "8.18"]
[White "Bayramov, Zaur"]
[Black "Saiyn, Zhanat"]
[Result "1/2-1/2"]
[BlackTitle "IM"]
[WhiteElo "2297"]
[BlackElo "2405"]
[WhiteFideId "13405080"]
[BlackFideId "13703820"]
[EventDate "2016.09.22"]

1. Nf3 Nf6 2. g3 b5 3. Bg2 Bb7 4. O-O e6 5. d4 c5 6. c3 d5 7. a4 a6 8. axb5 axb5
9. Rxa8 Bxa8 10. Na3 b4 11. Nc2 bxc3 12. bxc3 cxd4 13. cxd4 Nbd7 14. Qd3 Be7 15.
Ba3 O-O 16. Ra1 Bxa3 17. Rxa3 Qb8 18. Rb3 Qc7 19. Rc3 Qb8 20. Rb3 Qc7 1/2-1/2

[Event "World Youth Open U18 2016"]
[Site "Khanty-Mansiysk RUS"]
[Date "2016.09.30"]
[Round "8.19"]
[White "Gretz, Denis"]
[Black "Erenberg, Ariel"]
[Result "1/2-1/2"]
[BlackTitle "FM"]
[WhiteElo "2339"]
[BlackElo "2350"]
[WhiteFideId "12945188"]
[BlackFideId "2811634"]
[EventDate "2016.09.22"]

1. e4 c5 2. Nf3 e6 3. d4 cxd4 4. Nxd4 Nc6 5. Nc3 Qc7 6. Be2 a6 7. O-O b5 8. Be3
Bb7 9. a3 Nf6 10. Kh1 Be7 11. f4 d6 12. Nb3 O-O 13. Bf3 Rfd8 14. Qe2 Nd7 15. Qf2
Na5 16. Nxa5 Qxa5 17. Rad1 Qc7 18. Bd4 Bf6 19. Bxf6 Nxf6 20. f5 Rac8 1/2-1/2

[Event "World Youth Open U18 2016"]
[Site "Khanty-Mansiysk RUS"]
[Date "2016.09.30"]
[Round "8.20"]
[White "Khusenkhojaev, Mustafokhuja"]
[Black "Escalante Ramirez, Brian Sebasti"]
[Result "0-1"]
[BlackTitle "FM"]
[WhiteElo "2212"]
[BlackElo "2302"]
[WhiteFideId "14700727"]
[BlackFideId "3819566"]
[EventDate "2016.09.22"]

1. d4 Nf6 2. Nf3 g6 3. c4 Bg7 4. Nc3 O-O 5. g3 d6 6. Bg2 c5 7. dxc5 dxc5 8. Bf4
Nc6 9. O-O Nh5 10. Bg5 h6 11. Bd2 f5 12. Qc1 Kh7 13. Rd1 Qe8 14. Nb5 Rb8 15. Bc3
e5 16. Nd6 Qe7 17. Qe3 e4 18. Ne1 Nd4 19. Nb5 Nxb5 20. cxb5 Be6 21. Bxg7 Nxg7
22. f3 exf3 23. Bxf3 c4 24. Nc2 f4 25. gxf4 Qf6 26. Nd4 Bg8 27. Qe5 Qb6 28. Qe4
Nf5 29. e3 Rfe8 30. Qb1 Nxe3 31. Rd2 Rbd8 32. Be4 Bf7 33. f5 gxf5 34. Bxf5+ Nxf5
35. Qxf5+ Bg6 0-1

[Event "World Youth Open U18 2016"]
[Site "Khanty-Mansiysk RUS"]
[Date "2016.09.30"]
[Round "8.21"]
[White "Meunier, Clement2"]
[Black "Gong, Patrick"]
[Result "1/2-1/2"]
[WhiteTitle "FM"]
[WhiteElo "2290"]
[BlackElo "2143"]
[WhiteFideId "20667930"]
[BlackFideId "3222500"]
[EventDate "2016.09.22"]

1. e4 d6 2. d4 Nf6 3. Nc3 g6 4. Bg5 Bg7 5. e5 Nfd7 6. f4 f6 7. exf6 exf6 8. Bh4
Qe7+ 9. Be2 Nb6 10. Nf3 O-O 11. O-O d5 12. Re1 Qd6 13. Bd3 Bg4 14. f5 Nc6 15.
Nb5 Qd7 16. fxg6 a6 17. gxh7+ Kh8 18. Nc3 Nxd4 19. Bf2 f5 20. Be2 Nxe2+ 21. Qxe2
d4 22. Rad1 Rae8 23. Qf1 Rxe1 24. Qxe1 Re8 25. Qf1 Bxf3 26. gxf3 c5 27. Ne2 Qc6
28. Rd3 Qg6+ 29. Kh1 Nd5 30. a3 Qe6 31. Ng1 b5 32. Rd2 Bh6 33. Re2 Be3 34. Bxe3
Nxe3 35. Qh3 Qg6 36. Qh4 Rf8 37. Qe7 Rf7 38. Qxc5 Rg7 39. Nh3 Qh5 40. Ng1 Qg5
41. Nh3 Qh5 42. Ng1 1/2-1/2

[Event "World Youth Open U18 2016"]
[Site "Khanty-Mansiysk RUS"]
[Date "2016.09.30"]
[Round "8.22"]
[White "Kandil, Adham"]
[Black "Sukovic, Andrej"]
[Result "1/2-1/2"]
[WhiteTitle "IM"]
[WhiteElo "2277"]
[BlackElo "2114"]
[WhiteFideId "10618490"]
[BlackFideId "16502310"]
[EventDate "2016.09.22"]

1. e4 c5 2. Nf3 d6 3. Bb5+ Nd7 4. d4 cxd4 5. Qxd4 e5 6. Qd3 h6 7. Bxd7+ Bxd7 8.
c4 Nf6 9. O-O Be7 10. h3 O-O 11. Be3 Bc6 12. Nc3 Nxe4 13. Nxe4 f5 14. Nfd2 fxe4
15. Nxe4 d5 16. cxd5 Qxd5 17. Qxd5+ Bxd5 18. Nc3 Bc6 19. a3 Rfd8 20. Rfd1 b6 1/2-1/2